| 000 | 00697nam a2200205Ia 4500 | ||
|---|---|---|---|
| 001 | 8090 | ||
| 003 | GE_BSU | ||
| 008 | 181216s||||||||xx |||||||||||||| ||und|| | ||
| 040 | _cGE_BSU | ||
| 080 | _a664.8 | ||
| 100 | _aКрюсс,В.В. | ||
| 245 | _aПромышленная переработка плодов и овощей.= COMMERCIAL FRUIT AND VEGETABLE PRODUCTS. | ||
| 245 | _cПод ред. И.И.Адамовского и Д.И.Спиридонова. | ||
| 260 | _aМ. | ||
| 260 | _bПищепромиздат. | ||
| 260 | _c1963. | ||
| 300 | _a428стр.с илл.22см. | ||
| 653 | _aПромышленная переработка плодов и овощей. | ||
| 942 | _cBK | ||
| 999 |
_c41428 _d41428 |
||